Me! - Taylor Swift Lyrics - Statistics

General Stats
  • This quiz has been taken 15 times
  • The average score is 351 of 465
Answer Stats
Answer % Correct
I
100%
i
100%
me
100%
the
100%
a
91%
and
91%
(and
91%
baby
91%
I'm
91%
like
91%
you
91%
your
91%
all
82%
another
82%
but
82%
find
82%
in
82%
it
82%
know
82%
love
82%
never
82%
of
82%
out
82%
promis
82%
promise
82%
that
82%
there)
82%
there
82%
want
82%
we
82%
when
82%
with
82%
you'll
82%
you're
82%
alone
73%
am
73%
before
73%
chicks
73%
colors
73%
cool
73%
go
73%
guy
73%
is
73%
kinda
73%
ladies
73%
lame
73%
leave
73%
my
73%
no
73%
not
73%
rain
73%
rainbow
73%
see
73%
team
73%
there's
73%
think
73%
to
73%
what
73%
where
73%
away
64%
comes
64%
enough
64%
fight
64%
follow
64%
fun
64%
get
64%
gonna
64%
guys
64%
had
64%
lotta
64%
lover
64%
on
64%
one
64%
only
64%
others
64%
summer
64%
that's
64%
these
64%
things
64%
walk
64%
well
64%
will
64%
winter
64%
about
55%
after
55%
ain't
55%
bore
55%
doll
55%
girl
55%
handful
55%
jump
55%
just
55%
livin'
55%
ooh
55%
phone
55%
ran
55%
spell
55%
tend
55%
wanna
55%
went
55%
called
45%
can't
45%
'cause
45%
make
45%
name
45%
nobody's
45%
psycho
45%
trouble's
45%
up
45%
without
45%
awesome
36%
band
36%
spelling
36%
strike
36%
three
36%
two
36%
uh
36%
company
27%
eeh
27%
hey
27%
keep
27%
kids
27%
let
27%
likeme
0%
yoy
0%
No matching quizzes found
Score Distribution
Percent of People with Each Score
Percentile by Number Answered
Your Score History
You have not taken this quiz